| 000 | 01734nam a2200469Ii 4500 | ||
|---|---|---|---|
| 001 | DIGVISION0151 | ||
| 003 | NyNyDIG | ||
| 006 | m o d | ||
| 007 | cr ||||||||||| | ||
| 008 | 220422s2012 sp a ob 000 0 spa d | ||
| 035 | _a(OCoLC)1313667498 | ||
| 040 |
_aDGITA _beng _erda _epn _cDGITA |
||
| 020 |
_a9788490115961 _qeBook _qpdf |
||
| 020 | _z9788490115954 | ||
| 050 | 1 | 4 | _aLB2395.7 ebook |
| 082 | 0 | 4 | _a378.17344678 |
| 245 | 0 | 0 |
_aAplicaciones del EEES a partir de la web 2.0 y 3.0 / _cJosé Rodríguez Terceño (coordinador) |
| 264 | 1 |
_aMadrid, España : _bVisión Libros, _c[2012] |
|
| 300 |
_a1 online resource : _billustrations. |
||
| 336 |
_atext _btxt _2rdacontent |
||
| 337 |
_acomputer _bc _2rdamedia |
||
| 338 |
_aonline resource _bcr _2rdacarrier |
||
| 347 |
_atext file _2rdaft |
||
| 347 | _bPDF | ||
| 490 | 1 | _aNuevo impulso educativo | |
| 504 | _aIncludes bibliographical references. | ||
| 588 | 0 | _aOnline resource; title from PDF title page (Digitalia, viewed April 22, 2022) | |
| 650 | 0 | _aInternet in higher education. | |
| 650 | 0 |
_aEducation, Higher _xEffect of technological innovations on. |
|
| 650 | 0 | _aWeb applications. | |
| 650 | 0 | _aWeb 2.0. | |
| 650 | 0 | _aWeb 3.0. | |
| 655 | 0 | _aElectronic books. | |
| 700 | 1 |
_aRodríguez Terceño, José, _eeditor. |
|
| 791 | 2 |
_aDigitalia (Firm), _edistributor. |
|
| 793 | 0 |
_gDigitalia eBook Collection: _aVisión Libros |
|
| 776 | 0 | 8 |
_iPrint version: _tAplicaciones del EEES a partir de la web 2.0 y 3.0. _dMadrid, España : Visión Libros, [2012] _z9788490115954 |
| 830 | 0 | _aNuevo impulso educativo. | |
| 856 | 4 | 0 |
_3Digitalia Hispánica _uhttps://www.digitaliapublishing.com/a/89040/ |
| 910 | _aPremium collection: 2022 | ||
| 942 | _cRAA | ||
| 999 |
_c267418 _d267418 |
||